|
|
|
|
| LEADER |
02237nam a2200625 i 4500 |
| 001 |
nkc20233495253 |
| 003 |
CZ PrNK |
| 005 |
20240529095712.0 |
| 007 |
ta |
| 008 |
230125s2024 xr a c 6 000 1bcze |
| 015 |
|
|
|a cnb003495253
|
| 020 |
|
|
|a 978-80-242-8839-0
|q (brožováno)
|
| 035 |
|
|
|a (OCoLC)1438777142
|
| 040 |
|
|
|a BOA001
|b cze
|e rda
|
| 043 |
|
|
|a e-xr---
|
| 045 |
|
|
|a x-x6
|
| 072 |
|
7 |
|a 821.162.3.09
|x Česká literatura (o ní)
|2 Konspekt
|9 11
|
| 072 |
|
7 |
|a 0/9-053.2
|x Literatura pro děti a mládež (naučná)
|2 Konspekt
|9 26
|
| 080 |
|
|
|a 821.162.3-051
|2 MRF
|
| 080 |
|
|
|a 74/76.05.071.1
|2 MRF
|
| 080 |
|
|
|a 929
|2 MRF
|
| 080 |
|
|
|a (437.3)
|2 MRF
|
| 080 |
|
|
|a (092)741.52
|2 MRF
|
| 080 |
|
|
|a (03/09)741.52
|2 MRF
|
| 080 |
|
|
|a (0.053.6)
|2 MRF
|
| 100 |
1 |
|
|a Šalamounová, Barbara,
|d 1964-
|7 xx0045103
|4 aut
|4 ill
|
| 245 |
1 |
0 |
|a Trampoty člověka Sekory :
|b grafický román - gamebook /
|c Barbara Šalamounová
|
| 250 |
|
|
|a Vydání první
|
| 264 |
|
1 |
|a Praha :
|b Euromedia Group,
|c 2024
|
| 300 |
|
|
|a 263 stran :
|b barevné ilustrace ;
|c 27 cm
|
| 336 |
|
|
|a text
|b txt
|2 rdacontent
|
| 336 |
|
|
|a statický obraz
|b sti
|2 rdacontent
|
| 337 |
|
|
|a bez média
|b n
|2 rdamedia
|
| 338 |
|
|
|a svazek
|b nc
|2 rdacarrier
|
| 490 |
1 |
|
|a Universum
|
| 504 |
|
|
|a Obsahuje bibliografii
|
| 521 |
8 |
|
|a Pro čtenáře od 8 let
|
| 600 |
1 |
7 |
|a Sekora, Ondřej,
|d 1899-1967
|7 jk01110710
|2 czenas
|
| 648 |
|
7 |
|a 20. století
|7 ch460558
|2 czenas
|
| 650 |
0 |
7 |
|a čeští spisovatelé
|7 ph128175
|y 20. století
|2 czenas
|
| 650 |
0 |
7 |
|a ilustrátoři
|7 ph152832
|z Česko
|y 20. století
|2 czenas
|
| 650 |
0 |
9 |
|a Czech authors
|y 20th century
|2 eczenas
|
| 650 |
0 |
9 |
|a illustrators
|z Czechia
|y 20th century
|2 eczenas
|
| 655 |
|
7 |
|a biografické komiksy
|7 fd1057461
|2 czenas
|
| 655 |
|
7 |
|a naučné komiksy
|7 fd1058479
|2 czenas
|
| 655 |
|
7 |
|a publikace pro mládež
|7 fd133157
|2 czenas
|
| 655 |
|
9 |
|a biographical comics
|2 eczenas
|
| 655 |
|
9 |
|a nonfiction comics
|2 eczenas
|
| 655 |
|
9 |
|a juvenile literature
|2 eczenas
|
| 830 |
|
0 |
|a Universum (Euromedia Group)
|0 s
|
| 910 |
2 |
|
|a BOA001
|b 3-1523.769
|
| 990 |
|
|
|a BK
|
| 995 |
|
|
|a 01
|
| 991 |
|
|
|b 202405
|c NOV
|
| 996 |
6 |
|
|b 2610969600
|c 3-1523.769
|l MZK
|r Sklad / do 1 hodiny
|n 5
|p p.v.
|w 001963842
|u 000010
|a 1
|e BOA001
|j MZK50
|s P
|